[Event "VIII. Karnevals-Open"]
[Site "Solingen"]
[Date "2017.02.25"]
[Round "3.19"]
[White "Tremöhlen, Thomas"]
[Black "Schimnatkowski, Lukas"]
[Result "0-1"]
[WhiteElo "1937"]
[BlackElo "1928"]
[PlyCount "114"]
[EventDate "2017.??.??"]

1. b3 e5 2. Bb2 d6 3. e3 g6 4. d4 Nd7 5. dxe5 dxe5 6. Bc4 Bg7 7. Nf3 Nh6 8. e4
O-O 9. h3 Kh8 10. Nbd2 f6 11. Qe2 Qe7 12. g4 Nb6 13. Bd3 Nf7 14. a4 Nd8 15. a5
Nd7 16. Nc4 Ne6 17. Ne3 c6 18. h4 Nf4 19. Qd2 Nc5 20. Qc3 Ncxd3+ 21. cxd3 Rd8
22. Rd1 b5 23. g5 b4 24. Qc2 Ba6 25. Nc4 Bxc4 26. Qxc4 c5 27. Bc1 Ne6 28. h5
gxh5 29. Rxh5 Qe8 30. Rh3 Rd7 31. Ke2 Nd4+ 32. Nxd4 Rxd4 33. Qa6 Rad8 34. Rdh1
Qg6 35. Rxh7+ Qxh7 36. Rxh7+ Kxh7 37. gxf6 R8d6 38. Qxa7 Rxf6 39. Be3 Rdd6 40.
Qxc5 Rc6 41. Qxb4 Rc2+ 42. Kd1 Ra2 43. Ke1 Rc6 44. Kf1 Ra1+ 45. Kg2 Rg6+ 46.
Kh2 Rag1 47. Qe7 R1g4 48. Kh3 Rg1 49. Kh2 R1g2+ 50. Kh3 Kg8 51. a6 Rg1 52. Kh2
Bf8 53. Qxe5 R6g2+ 54. Kh3 Rg7 55. Qe6+ Kh8 56. Kh2 R1g6 57. Bd4 Rxe6 0-1

[Event "VIII. Karnevals-Open"]
[Site "Solingen"]
[Date "2017.02.25"]
[Round "3.20"]
[White "Ebert, Jürgen"]
[Black "Berelowitsch, Dana"]
[Result "1-0"]
[WhiteElo "1914"]
[BlackElo "1528"]
[PlyCount "103"]
[EventDate "2017.??.??"]

1. e4 c5 2. Nc3 g6 3. g3 Bg7 4. Bg2 Nc6 5. d3 Nf6 6. Be3 d6 7. h3 O-O 8. Qd2 a6
9. Bh6 b5 10. Bxg7 Kxg7 11. e5 dxe5 12. Bxc6 Rb8 13. Bg2 b4 14. Ne4 Qb6 15. Nf3
Nxe4 16. dxe4 Rd8 17. Qe3 f6 18. O-O Be6 19. b3 Qb5 20. Rfd1 c4 21. Bf1 a5 22.
Rxd8 Rxd8 23. Nd2 Qd7 24. Nxc4 Bxh3 25. Kh2 Be6 26. Nb2 Qc8 27. Bc4 Bd7 28. Rd1
h5 29. Qa7 Qc6 30. Qxa5 Rh8 31. Qd5 Qxd5 32. Bxd5 h4 33. Nd3 hxg3+ 34. Kxg3 e6
35. Bc4 Bc6 36. Nc5 Rh5 37. Nxe6+ Kh7 38. Bd5 Bb5 39. Kg2 Be2 40. Rd2 Bb5 41.
Nc7 Bd7 42. Bg8+ Kxg8 43. Rxd7 f5 44. exf5 gxf5 45. Nd5 Kf8 46. Nxb4 e4 47. a4
f4 48. Rd5 f3+ 49. Kg3 Rh7 50. Re5 Rg7+ 51. Kf4 Rg2 52. Ke3 1-0

[Event "VIII. Karnevals-Open"]
[Site "Solingen"]
[Date "2017.02.25"]
[Round "3.21"]
[White "Eich, Philipp"]
[Black "Sperling, Lennart"]
[Result "0-1"]
[WhiteElo "1307"]
[BlackElo "1912"]
[PlyCount "62"]
[EventDate "2017.??.??"]

1. d4 Nf6 2. c4 e6 3. Nc3 Bb4 4. Qc2 Nc6 5. Nf3 O-O 6. Bg5 h6 7. Bh4 Re8 8.
O-O-O Be7 9. e4 d6 10. e5 Nd7 11. Bxe7 Qxe7 12. exd6 cxd6 13. h4 a6 14. g4 b5
15. Qe4 Bb7 16. Bd3 Nf8 17. Qf4 bxc4 18. Bb1 Nxd4 19. Be4 Bxe4 20. Qxe4 Nb5 21.
h5 Nxc3 22. bxc3 d5 23. Qe3 Nh7 24. Rdg1 Rab8 25. Nd4 Qa3+ 26. Kd2 Qxa2+ 27.
Nc2 Rb2 28. Rc1 Ng5 29. f4 Ne4+ 30. Kd1 Qb3 31. Rh3 Qb6 0-1

[Event "VIII. Karnevals-Open"]
[Site "Solingen"]
[Date "2017.02.25"]
[Round "3.22"]
[White "Bigott, Martin"]
[Black "Zettl, Thomas"]
[Result "0-1"]
[WhiteElo "1865"]
[BlackElo "1926"]
[PlyCount "106"]
[EventDate "2017.??.??"]

1. d4 g6 2. e4 Bg7 3. f4 c5 4. c3 cxd4 5. cxd4 Qb6 6. Nf3 d6 7. Bc4 Nc6 8. Nc3
Qb4 9. Qd3 Nf6 10. O-O O-O 11. e5 Bf5 12. Qe2 Nh5 13. a3 Qb6 14. Be3 Qd8 15.
Nh4 e6 16. Nxf5 exf5 17. h3 Ng3 18. Qf2 Nxf1 19. Rxf1 a6 20. g4 fxg4 21. hxg4
Rc8 22. Ba2 dxe5 23. dxe5 Qd7 24. g5 Qg4+ 25. Kh2 Nxe5 26. fxe5 Bxe5+ 27. Bf4
Qxg5 28. Ne4 Bxf4+ 29. Qxf4 Rc2+ 30. Kh3 Qh5+ 31. Kg3 Qh2+ 32. Kf3 Qxf4+ 33.
Kxf4 Rxb2 34. Bd5 Kg7 35. Ke5 f6+ 36. Ke6 f5 37. Nd6 b5 38. Ke7 Re2+ 39. Be6
Ra8 40. Nxf5+ gxf5 41. Rg1+ Kh6 42. Kf6 Rf8+ 43. Bf7 Rh2 44. Rf1 Rxf7+ 45. Kxf7
Kg5 46. Rg1+ Kf4 47. Rf1+ Kg4 48. Rg1+ Kf3 49. Rf1+ Ke3 50. Re1+ Re2 51. Rh1 f4
52. Rxh7 Ra2 53. Kf6 Rxa3 0-1

[Event "VIII. Karnevals-Open"]
[Site "Solingen"]
[Date "2017.02.25"]
[Round "3.23"]
[White "Falkenberg, Hendrik"]
[Black "Timar-Geng, Dr. Zoltan"]
[Result "0-1"]
[WhiteElo "1843"]
[BlackElo "1850"]
[PlyCount "54"]
[EventDate "2017.??.??"]

1. d4 d5 2. c4 c6 3. Nf3 Nf6 4. Nc3 a6 5. e3 b5 6. c5 g6 7. Qb3 Nbd7 8. Bd3 Bg7
9. h3 O-O 10. O-O a5 11. Bd2 b4 12. Na4 Ba6 13. Rac1 Bxd3 14. Qxd3 Ne4 15. Rfd1
e5 16. Be1 f5 17. Qb3 Rb8 18. dxe5 Nxe5 19. Nd4 Qe8 20. Nb6 Kh8 21. Qa4 f4 22.
exf4 Rxf4 23. g3 Nxc5 24. Rxc5 Rxd4 25. Rcc1 Rxb6 26. Qxa5 Rxd1 27. Rxd1 Rb5
0-1

[Event "VIII. Karnevals-Open"]
[Site "Solingen"]
[Date "2017.02.25"]
[Round "3.24"]
[White "Asadzade, Idris"]
[Black "Kowalzick, Uwe"]
[Result "1-0"]
[WhiteElo "1835"]
[BlackElo "1707"]
[PlyCount "33"]
[EventDate "2017.??.??"]

1. c4 c5 2. Nf3 Nc6 3. g3 Nf6 4. Bg2 g6 5. O-O Bg7 6. d4 cxd4 7. Nxd4 O-O 8.
Nc3 a6 9. c5 d5 10. cxd6 Nxd4 11. dxe7 Qxe7 12. Qxd4 Rd8 13. Qh4 Bg4 14. Bg5 h5
15. Ne4 Bxe2 16. Nxf6+ Kf8 17. Nh7+ 1-0

[Event "VIII. Karnevals-Open"]
[Site "Solingen"]
[Date "2017.02.25"]
[Round "3.25"]
[White "Dziewas, Prof. Dr. Ralf"]
[Black "Vehmeyer, Thomas"]
[Result "0-1"]
[WhiteElo "1180"]
[BlackElo "1804"]
[PlyCount "84"]
[EventDate "2017.??.??"]

1. c4 Nf6 2. Nc3 g6 3. g3 Bg7 4. Bg2 c6 5. Nf3 d6 6. O-O O-O 7. Rb1 e5 8. d3
Nbd7 9. b4 a6 10. Ng5 h6 11. Nge4 Nxe4 12. Nxe4 Nf6 13. Nc3 Kh7 14. h3 d5 15.
c5 Be6 16. a3 Qd7 17. Na4 Rad8 18. Nb6 Qc7 19. f4 Nd7 20. Nxd7 Qxd7 21. g4 f5
22. e3 fxg4 23. hxg4 Bxg4 24. Bf3 Bh3 25. Bg2 exf4 26. Rf3 Bg4 27. Qf1 Bxf3 28.
Bxf3 fxe3 29. Bxe3 Qf5 30. Kg2 Rde8 31. Re1 d4 32. Bd2 Rxe1 33. Bxe1 Qg5+ 34.
Bg3 Be5 35. Qf2 Rf7 36. Kh3 Bxg3 37. Qxg3 Qf5+ 38. Bg4 Qf1+ 39. Kh4 h5 40. Bh3
Qf6+ 41. Qg5 Qf2+ 42. Qg3 Rf4+ 0-1

[Event "VIII. Karnevals-Open"]
[Site "Solingen"]
[Date "2017.02.25"]
[Round "3.26"]
[White "Gawlick, Matthias"]
[Black "Bießner, Eberhard"]
[Result "1/2-1/2"]
[WhiteElo "1645"]
[BlackElo "1833"]
[PlyCount "119"]
[EventDate "2017.??.??"]

1. d4 Nf6 2. Nf3 e6 3. g3 c5 4. e3 b6 5. Bg2 Bb7 6. O-O Be7 7. b3 Nc6 8. Bb2
O-O 9. Nbd2 d5 10. c4 Rc8 11. Rc1 Nb4 12. Ra1 a5 13. Ne5 Nd7 14. Ndf3 f6 15.
Nxd7 Qxd7 16. a3 Na6 17. Nd2 Bd6 18. Qg4 Qf7 19. cxd5 exd5 20. Bh3 Rce8 21. Qd7
Qxd7 22. Bxd7 Re7 23. Bf5 g6 24. Bd3 f5 25. h4 Rc7 26. Rac1 Rfc8 27. Rc2 a4 28.
Bxa6 Bxa6 29. Rfc1 axb3 30. Nxb3 c4 31. Nd2 c3 32. Rxc3 Rxc3 33. Rxc3 Rxc3 34.
Bxc3 Bxa3 35. Nb1 Bd6 36. Kg2 b5 37. Kf3 b4 38. Bb2 Bd3 39. Nd2 Bc2 40. Ke2 Kf7
41. Nf3 Ba4 42. Ng5+ Kg8 43. Nf3 Kf8 44. Kd3 Bc7 45. Ng5 Ke7 46. Nxh7 Kd6 47.
Nf8 Be8 48. Kc2 Ke7 49. Nh7 Ba4+ 50. Kd3 Ba5 51. Ng5 Bb3 52. Nf3 Bc4+ 53. Kc2
b3+ 54. Kd1 Bd3 55. Ne5 Bc2+ 56. Ke2 Kf6 57. Nd7+ Kg7 58. Kf3 Kh6 59. Nc5 Kh5
60. Kg2 1/2-1/2

[Event "VIII. Karnevals-Open"]
[Site "Solingen"]
[Date "2017.02.25"]
[Round "3.27"]
[White "Fränzel, Dr. Marius"]
[Black "Gallas, Noel"]
[Result "0-1"]
[WhiteElo "1809"]
[BlackElo "1666"]
[PlyCount "72"]
[EventDate "2017.??.??"]

1. e4 e5 2. Nf3 Nf6 3. Nxe5 d6 4. Nf3 Nxe4 5. Nc3 Nxc3 6. dxc3 Be7 7. Be3 Nc6
8. Qd2 Be6 9. O-O-O O-O 10. h4 Qd7 11. Kb1 Rad8 12. Ng5 h6 13. Nxe6 Qxe6 14.
Be2 Bf6 15. g4 d5 16. Bd3 d4 17. Bxh6 dxc3 18. Qf4 gxh6 19. Qxh6 Rxd3 20. Rde1
Be5 21. Qg5+ Kh8 22. cxd3 Qg6 23. Qe3 Bd4 24. h5 Qf6 25. Qe4 cxb2 26. f4 Qe6
27. Qf3 Qf6 28. g5 Qf5 29. g6 Ne5 30. g7+ Kxg7 31. Reg1+ Bxg1 32. Rxg1+ Kh7 33.
Qg2 Qxd3+ 34. Kxb2 Nc4+ 35. Kc1 Qc3+ 36. Kb1 Na3# 0-1

[Event "VIII. Karnevals-Open"]
[Site "Solingen"]
[Date "2017.02.25"]
[Round "3.28"]
[White "Hörhold, Karola"]
[Black "Humbek, Olav"]
[Result "1/2-1/2"]
[WhiteElo "1567"]
[BlackElo "1762"]
[PlyCount "96"]
[EventDate "2017.??.??"]

1. e4 b6 2. Nc3 Bb7 3. d4 e6 4. Nf3 Bb4 5. Bd3 Nf6 6. Qe2 d5 7. Nd2 dxe4 8.
Ncxe4 Bxd2+ 9. Bxd2 Nc6 10. c3 h6 11. f3 Qd7 12. Nxf6+ gxf6 13. O-O-O O-O-O 14.
Ba6 Qd5 15. Bxb7+ Kxb7 16. Kb1 h5 17. Be1 f5 18. Bf2 b5 19. Rd2 e5 20. Re1 Rhe8
21. Qd1 e4 22. Bh4 Rd6 23. f4 Rh8 24. g3 Na5 25. b3 Re6 26. Rb2 Kc8 27. Qe2 a6
28. Rc1 Rd6 29. Be7 Rg6 30. Bb4 Nc6 31. Bc5 h4 32. Qe3 hxg3 33. hxg3 Rh3 34.
Rg1 f6 35. Kc1 Qg8 36. Rbg2 Qh7 37. Kb1 Rgh6 38. d5 Ne7 39. Rd2 Rh1 40. Kb2 Kd7
41. d6 Nc8 42. Rxh1 Rxh1 43. dxc7+ Kxc7 44. Bb4 Kb7 45. Qd4 Rh2 46. Qd5+ Kb8
47. Bd6+ Ka7 48. Bc5+ Kb8 1/2-1/2

[Event "VIII. Karnevals-Open"]
[Site "Solingen"]
[Date "2017.02.25"]
[Round "3.29"]
[White "Ipekyilmaz, Tayfun"]
[Black "Grunwald, Günther"]
[Result "1-0"]
[WhiteElo "1697"]
[BlackElo "1645"]
[PlyCount "35"]
[EventDate "2017.??.??"]

1. e4 e5 2. f4 d6 3. Nf3 Nc6 4. Bc4 Be7 5. O-O Nf6 6. d3 O-O 7. f5 Na5 8. Bb3
Nxb3 9. axb3 b6 10. Qe1 Re8 11. Nc3 c6 12. Ne2 Bf8 13. Qg3 Qe7 14. Bg5 Kh8 15.
Qh4 h6 16. Ng3 Kg8 17. Nh5 hxg5 18. Nxg5 1-0

[Event "VIII. Karnevals-Open"]
[Site "Solingen"]
[Date "2017.02.25"]
[Round "3.30"]
[White "Foth, Stefan"]
[Black "Tanz, Manfred"]
[Result "1-0"]
[WhiteElo "1735"]
[BlackElo "1629"]
[PlyCount "59"]
[EventDate "2017.??.??"]

1. f4 e5 2. e4 d6 3. Nf3 Nc6 4. Bc4 h6 5. O-O exf4 6. d4 g5 7. Nc3 g4 8. Ne1
Bg7 9. Bxf4 Bxd4+ 10. Kh1 Nf6 11. Nd5 Nxe4 12. c3 Nf2+ 13. Rxf2 Bxf2 14. Qe2+
Be6 15. Qxf2 Ne5 16. Bxe5 dxe5 17. Nf6+ Ke7 18. Be2 b6 19. Rd1 Qc8 20. Nd3 e4
21. Nxe4 f5 22. Qh4+ Ke8 23. Nf6+ Kf8 24. Ne5 Bf7 25. Nfd7+ Kg8 26. Nxf7 Kxf7
27. Qf6+ Ke8 28. Qxh8+ Ke7 29. Qf6+ Ke8 30. Qf8# 1-0

[Event "VIII. Karnevals-Open"]
[Site "Solingen"]
[Date "2017.02.25"]
[Round "3.31"]
[White "Klugstedt, Vincent"]
[Black "Bungarten, Jona"]
[Result "1/2-1/2"]
[WhiteElo "1635"]
[BlackElo "1716"]
[PlyCount "111"]
[EventDate "2017.??.??"]

1. d4 d5 2. Nf3 Nf6 3. c4 e6 4. Nc3 c6 5. e3 Be7 6. Bd3 dxc4 7. Bxc4 b5 8. Bd3
a6 9. O-O O-O 10. Bd2 Bb7 11. Rc1 Nbd7 12. Qb3 c5 13. Qc2 Rc8 14. Qb1 Qb6 15.
Rfd1 Bxf3 16. gxf3 cxd4 17. exd4 Qxd4 18. Be3 Qh4 19. Ne4 Ne5 20. Be2 Nd5 21.
Ng3 Nf4 22. Qe4 Nxe2+ 23. Nxe2 Qxe4 24. fxe4 Nc4 25. b3 Nxe3 26. fxe3 e5 27.
Rd5 Rxc1+ 28. Nxc1 f6 29. Nd3 Rd8 30. Kf2 Kf7 31. b4 Rc8 32. Nc5 Bxc5 33. bxc5
Ke7 34. Kf3 Rc6 35. Ke2 g5 36. Kf3 h5 37. h3 Ke6 38. Kg3 f5 39. Kf3 a5 40. Rd8
g4+ 41. hxg4 fxg4+ 42. Kg3 Rxc5 43. Rh8 Rc3 44. Rh6+ Kf7 45. Rxh5 Rxe3+ 46.
Kxg4 Rxe4+ 47. Kf5 Rc4 48. Rh7+ Kg8 49. Re7 Rh4 50. Kxe5 a4 51. Ra7 Rh2 52. Ra5
Rb2 53. Kd4 Rxa2 54. Rxb5 a3 55. Kc3 Ra1 56. Ra5 1/2-1/2

[Event "VIII. Karnevals-Open"]
[Site "Solingen"]
[Date "2017.02.25"]
[Round "3.32"]
[White "Ehringfeld, Michael"]
[Black "Harnack, Dr. Bernhard"]
[Result "0-1"]
[WhiteElo "1585"]
[BlackElo "1711"]
[PlyCount "70"]
[EventDate "2017.??.??"]

1. d4 e6 2. Nf3 f5 3. g3 Nf6 4. Bg2 d5 5. O-O Bd6 6. Nbd2 Nbd7 7. c4 c6 8. b3
O-O 9. Bb2 Qe8 10. c5 Bc7 11. b4 e5 12. e3 e4 13. Ne1 g5 14. Nc2 Qg6 15. f3 g4
16. fxe4 fxe4 17. Qe2 h5 18. b5 Kg7 19. bxc6 bxc6 20. Rf2 a5 21. a4 h4 22. Nf1
Ba6 23. Qd2 h3 24. Bh1 Nh7 25. Bc3 Rxf2 26. Qxf2 Rf8 27. Qd2 Qf5 28. Qe1 Ng5
29. Nd2 Nf3+ 30. Nxf3 gxf3 31. Qf2 Nf6 32. Be1 Ng4 33. Qd2 f2+ 34. Bxf2 Nxf2
35. Na3 Nd1 0-1

[Event "VIII. Karnevals-Open"]
[Site "Solingen"]
[Date "2017.02.25"]
[Round "3.33"]
[White "Reinacher, Detlev"]
[Black "Bashylina, Luisa"]
[Result "1-0"]
[WhiteElo "1705"]
[BlackElo "1538"]
[PlyCount "55"]
[EventDate "2017.??.??"]

1. e4 c5 2. d3 e6 3. g3 d5 4. Nd2 Nf6 5. Bg2 Nc6 6. Ngf3 Be7 7. O-O b5 8. Re1
O-O 9. e5 Nd7 10. c3 a5 11. h4 Bb7 12. Nf1 Qc7 13. Qe2 c4 14. d4 b4 15. Bf4
Rab8 16. h5 Ba6 17. h6 g6 18. Ne3 bxc3 19. Nxd5 exd5 20. e6 Bd6 21. exd7 Qxd7
22. Ne5 Nxe5 23. dxe5 Bc7 24. bxc3 Rfe8 25. Rad1 Bb7 26. Qxc4 Rec8 27. Qd4 Qg4
28. e6 1-0

[Event "VIII. Karnevals-Open"]
[Site "Solingen"]
[Date "2017.02.25"]
[Round "3.34"]
[White "Poschadel, Andreas Gregor"]
[Black "Cornelißen, Jonas"]
[Result "1-0"]
[WhiteElo "1442"]
[BlackElo "1656"]
[PlyCount "103"]
[EventDate "2017.??.??"]

1. e4 c5 2. Nc3 Nc6 3. f4 e6 4. Nf3 d5 5. d3 Bd6 6. h3 Bd7 7. g3 Nge7 8. Bg2 h6
9. O-O a6 10. Re1 d4 11. Ne2 e5 12. f5 Qc8 13. Kh2 h5 14. Bg5 f6 15. Bd2 g6 16.
fxg6 Nxg6 17. Rf1 Nd8 18. Nfg1 Ke7 19. Qe1 h4 20. g4 Ne6 21. Qf2 Qf8 22. Qf3
Qg7 23. c3 Ng5 24. Qf2 Bb5 25. c4 Bd7 26. a3 b5 27. cxb5 Bxb5 28. Nc1 Rab8 29.
Nge2 Rhc8 30. Qe1 Nf4 31. Nxf4 exf4 32. Bxf4 Bxf4+ 33. Rxf4 Ne6 34. Rf5 Bd7 35.
Rf2 Qg5 36. Rb1 Nf4 37. Bf1 Bxg4 38. hxg4 Qxg4 39. Rc2 Rg8 40. Qf2 h3 41. b3
Ne6 42. Ne2 Ng5 43. Ng1 Qxg1+ 44. Kxg1 Nxe4+ 45. Kh2 Nxf2 46. Rxf2 Rg7 47. Bxh3
a5 48. Re2+ Kd6 49. Re6+ Kc7 50. Ra6 c4 51. dxc4 d3 52. Ra7+ 1-0

[Event "VIII. Karnevals-Open"]
[Site "Solingen"]
[Date "2017.02.25"]
[Round "3.35"]
[White "Ipekyilmaz, Mert"]
[Black "Coenen, Siegfried"]
[Result "1-0"]
[WhiteElo "1533"]
[BlackElo "1982"]
[PlyCount "67"]
[EventDate "2017.??.??"]

1. e4 e5 2. Nf3 d6 3. Bc4 Nc6 4. h3 Be7 5. Nc3 Nf6 6. d3 O-O 7. O-O Be6 8. Bb3
d5 9. Re1 dxe4 10. Nxe4 Bxb3 11. axb3 Nxe4 12. Rxe4 f5 13. Re1 Bf6 14. Bd2 Qd5
15. Bc3 Rae8 16. Qd2 h6 17. Rad1 g5 18. Nh2 b5 19. b4 Kh7 20. g4 Be7 21. Re2 a5
22. Rde1 Bd6 23. b3 axb4 24. Bb2 Re7 25. Nf1 fxg4 26. hxg4 Ref7 27. Nh2 Bc5 28.
Rf1 Rf4 29. Qe1 Bd4 30. Bxd4 Nxd4 31. Rxe5 Rxg4+ 32. Nxg4 Nf3+ 33. Kh1 Nxe5+
34. Qe4+ 1-0

[Event "VIII. Karnevals-Open"]
[Site "Solingen"]
[Date "2017.02.26"]
[Round "4.1"]
[White "Xu, Xianliang"]
[Black "Daverkausen, Bernd"]
[Result "1-0"]
[WhiteElo "2323"]
[BlackElo "2124"]
[PlyCount "65"]
[EventDate "2017.??.??"]

1. e4 c5 2. Nf3 Nc6 3. c3 Nf6 4. e5 Nd5 5. d4 cxd4 6. cxd4 d6 7. Bc4 Nb6 8. Bb5
Bd7 9. Nc3 e6 10. Bg5 Be7 11. Bxe7 Qxe7 12. a3 O-O 13. O-O Na5 14. Bd3 dxe5 15.
dxe5 Bc6 16. Ne4 Bxe4 17. Bxe4 Rfd8 18. Qe2 Rac8 19. Rac1 Nb3 20. Rxc8 Rxc8 21.
Bxh7+ Kxh7 22. Qd3+ Kg8 23. Qxb3 Qc5 24. h3 Qc2 25. Qb4 Qc5 26. Qe4 Nd5 27. Rd1
Qc2 28. Qxc2 Rxc2 29. Rd2 Rc1+ 30. Kh2 Kf8 31. Nd4 Re1 32. Re2 Rd1 33. Nb5 1-0

[Event "VIII. Karnevals-Open"]
[Site "Solingen"]
[Date "2017.02.26"]
[Round "4.2"]
[White "Flesch, Dr. Stefan"]
[Black "Marcziter, Dr. Dmitrii"]
[Result "0-1"]
[WhiteElo "2073"]
[BlackElo "2277"]
[PlyCount "66"]
[EventDate "2017.??.??"]

1. d4 d5 2. Nf3 c5 3. c3 Nc6 4. e3 Nf6 5. Nbd2 e6 6. Bd3 Bd6 7. O-O O-O 8. e4
cxd4 9. cxd4 dxe4 10. Nxe4 Be7 11. Be3 Nb4 12. Nxf6+ Bxf6 13. Bc4 b6 14. Qb3
Nd5 15. Bxd5 exd5 16. Rac1 Ba6 17. Rfe1 Bc4 18. Qc2 Rc8 19. b3 Ba6 20. Qd2 Rxc1
21. Rxc1 Be7 22. h3 f6 23. Rc2 Qd7 24. a4 Re8 25. Ne1 Bd6 26. Nd3 Qf5 27. Nc1
Qe4 28. Rc6 Bb8 29. Rc3 Bd6 30. Rc6 Rd8 31. Qc2 Qe8 32. Na2 Bd3 33. Qc3 Bb1 0-1

[Event "VIII. Karnevals-Open"]
[Site "Solingen"]
[Date "2017.02.26"]
[Round "4.3"]
[White "Pauls, Wilhelm"]
[Black "Terhuven, Patrick"]
[Result "0-1"]
[WhiteElo "2009"]
[BlackElo "2157"]
[PlyCount "48"]
[EventDate "2017.??.??"]

1. e4 c5 2. Nf3 g6 3. d4 cxd4 4. Nxd4 Nc6 5. c4 Nf6 6. Nc3 d6 7. Be2 Nxd4 8.
Qxd4 Bg7 9. Be3 O-O 10. Qd2 a5 11. O-O a4 12. Bh6 Qa5 13. Bxg7 Kxg7 14. Qd4 Be6
15. Nd5 Bxd5 16. exd5 Qc5 17. Qxc5 dxc5 18. Bd3 Rfd8 19. Rfe1 e6 20. Rac1 exd5
21. cxd5 Rxd5 22. Bc4 Rd7 23. Bb5 Rc7 24. Rc4 Ra5 0-1

[Event "VIII. Karnevals-Open"]
[Site "Solingen"]
[Date "2017.02.26"]
[Round "4.4"]
[White "Görke, Joachim"]
[Black "Kutzner, Joachim"]
[Result "1/2-1/2"]
[WhiteElo "2075"]
[BlackElo "2043"]
[PlyCount "152"]
[EventDate "2017.??.??"]

1. e4 e6 2. d3 d5 3. Nd2 c5 4. g3 Nf6 5. Bg2 Nc6 6. f4 h5 7. Ngf3 Ng4 8. Qe2
Nb4 9. Nb1 dxe4 10. dxe4 b6 11. O-O Ba6 12. c4 Qd3 13. Qxd3 Nxd3 14. Na3 Be7
15. h3 Nxc1 16. Rfxc1 Nh6 17. Nb5 Bxb5 18. cxb5 O-O-O 19. Ne5 Bf6 20. b4 Bxe5
21. fxe5 Rd3 22. bxc5 bxc5 23. Rxc5+ Kb8 24. Rac1 Rxg3 25. a4 Rd8 26. a5 h4 27.
Kh2 g5 28. R1c3 Rgd3 29. Rc8+ Rxc8 30. Rxd3 g4 31. Rd7 Rc1 32. hxg4 Nxg4+ 33.
Kh3 Nxe5 34. Rd8+ Kc7 35. Ra8 Kb7 36. Re8 Rb1 37. Re7+ Kb8 38. Re8+ Kc7 39.
Re7+ Kd6 40. Rxa7 Rxb5 41. a6 Ra5 42. Bf1 Ra1 43. Bb5 Kc5 44. Be8 Rh1+ 45. Kg2
Ra1 46. Kh3 Kd4 47. Kxh4 f6 48. Bb5 Kxe4 49. Kg3 f5 50. Re7 f4+ 51. Kh3 Ra3+
52. Kh2 Nf3+ 53. Kg2 Ra2+ 54. Kf1 Nd4 55. Bc4 Ra1+ 56. Kf2 e5 57. a7 Nc6 58.
Rd7 Nxa7 59. Bd5+ Kf5 60. Rf7+ Kg6 61. Re7 Kf6 62. Rf7+ Kg5 63. Rg7+ Kh6 64.
Re7 Nb5 65. Re6+ Kg5 66. Rxe5+ Kf6 67. Re6+ Kf5 68. Re8 Nc3 69. Be6+ Kf6 70.
Bc4 Nd1+ 71. Kf3 Ne3 72. Re4 Kg5 73. Re5+ Nf5 74. Bd3 Ra3 75. Rxf5+ Kg6 76.
Ra5+ Rxd3+ 1/2-1/2

[Event "VIII. Karnevals-Open"]
[Site "Solingen"]
[Date "2017.02.26"]
[Round "4.5"]
[White "Speck, Stefan"]
[Black "Arndt, Stefan"]
[Result "1/2-1/2"]
[WhiteElo "1989"]
[BlackElo "2197"]
[PlyCount "48"]
[EventDate "2017.??.??"]

1. e4 e5 2. Nf3 Nc6 3. Nc3 Nf6 4. d4 exd4 5. Nxd4 Bb4 6. Nxc6 bxc6 7. Bd3 d5 8.
exd5 O-O 9. O-O cxd5 10. Bg5 c6 11. Qf3 Bd6 12. h3 Rb8 13. Rab1 Re8 14. Ne2 h6
15. Bh4 Rb4 16. Bxf6 Qxf6 17. Qxf6 gxf6 18. c3 Ra4 19. a3 Bf5 20. Bxf5 Rxe2 21.
Rfe1 Rd2 22. Red1 Re2 23. Re1 Rd2 24. Red1 Re2 1/2-1/2

[Event "VIII. Karnevals-Open"]
[Site "Solingen"]
[Date "2017.02.26"]
[Round "4.6"]
[White "Küppers, Timo"]
[Black "Coenen, Michael"]
[Result "0-1"]
[WhiteElo "2202"]
[BlackElo "2379"]
[PlyCount "74"]
[EventDate "2017.??.??"]

1. e4 c5 2. Nf3 d6 3. d4 cxd4 4. Nxd4 Nf6 5. Nc3 a6 6. Bg5 Nbd7 7. Qe2 Qc7 8.
O-O-O h6 9. Bh4 b5 10. f4 b4 11. Nd5 Nxd5 12. exd5 Nb6 13. Qe4 Bb7 14. Nf5 e6
15. Ne3 Qc5 16. Bc4 Nxc4 17. Nxc4 Be7 18. Bxe7 Kxe7 19. Rhe1 Rhc8 20. b3 Kf8
21. Qh7 Bxd5 22. Rxd5 Qxd5 23. Nb6 Qc6 24. Nxa8 Ke7 25. Re2 Qb5 26. Nb6 Qxb6
27. Qxg7 Qb5 28. Qg4 Rc5 29. Qf3 Rc3 30. Qe4 Rc5 31. g4 a5 32. h4 a4 33. g5
hxg5 34. hxg5 axb3 35. axb3 Rd5 36. Kb1 Rd1+ 37. Kb2 Qa6 0-1

[Event "VIII. Karnevals-Open"]
[Site "Solingen"]
[Date "2017.02.26"]
[Round "4.7"]
[White "Moser, Axel"]
[Black "Schimnatkowski, Lukas"]
[Result "1-0"]
[WhiteElo "2178"]
[BlackElo "1928"]
[PlyCount "103"]
[EventDate "2017.??.??"]

1. Nf3 d6 2. d4 Nf6 3. c4 Nbd7 4. Nc3 g6 5. g3 Bg7 6. Bg2 e5 7. O-O O-O 8. e4
a5 9. h3 Re8 10. Re1 c6 11. Qc2 Qc7 12. Be3 b5 13. cxb5 cxb5 14. Rac1 Ba6 15.
Qb3 Qb7 16. dxe5 dxe5 17. Ng5 Nf8 18. Nd5 Rac8 19. Qa3 h6 20. Rxc8 Qxc8 21. Rc1
Qb8 22. Qxa5 Nxd5 23. exd5 Bb7 24. Ne4 Bxd5 25. Rc5 Bc4 26. b3 Bd3 27. Rd5 Bxe4
28. Bxe4 Qc8 29. Qxb5 Ne6 30. Qd7 Nd4 31. Qxc8 Rxc8 32. Ra5 Kh7 33. Bd5 f5 34.
Bc4 e4 35. Rd5 Nf3+ 36. Kf1 Ra8 37. a4 Bc3 38. Rd7+ Kh8 39. Bxh6 g5 40. Ke2 Rc8
41. a5 Bf6 42. Rf7 Bc3 43. a6 Rd8 44. Rf8+ Rxf8 45. Bxf8 Bd4 46. b4 Ne5 47. Bc5
Bxc5 48. bxc5 Nc6 49. Bd5 Na7 50. c6 Kg7 51. c7 Kf6 52. Bb7 1-0

[Event "VIII. Karnevals-Open"]
[Site "Solingen"]
[Date "2017.02.26"]
[Round "4.8"]
[White "Gassmann, Dr. Volker"]
[Black "Ebert, Jürgen"]
[Result "0-1"]
[WhiteElo "2155"]
[BlackElo "1914"]
[PlyCount "50"]
[EventDate "2017.??.??"]

1. d4 Nf6 2. c4 e6 3. Nc3 Bb4 4. e3 O-O 5. Bd3 c5 6. Nf3 Nc6 7. O-O Bxc3 8.
bxc3 d6 9. Nd2 e5 10. h3 Re8 11. d5 Ne7 12. f4 exf4 13. exf4 Nf5 14. Rf2 Ng3
15. Qc2 Re1+ 16. Kh2 Rh1+ 17. Kxg3 Nh5+ 18. Kf3 Qh4 19. Nf1 Bxh3 20. gxh3 Re8
21. Bxh7+ Kf8 22. Qe4 Qxh3+ 23. Ke2 Rxe4+ 24. Bxe4 Rxf1 25. Rxf1 Ng3+ 0-1

[Event "VIII. Karnevals-Open"]
[Site "Solingen"]
[Date "2017.02.26"]
[Round "4.10"]
[White "Timar-Geng, Dr. Zoltan"]
[Black "Scholzen, Wolfgang"]
[Result "1/2-1/2"]
[WhiteElo "1850"]
[BlackElo "2076"]
[PlyCount "135"]
[EventDate "2017.??.??"]

1. d4 Nf6 2. c4 g6 3. g3 Bg7 4. Bg2 O-O 5. Nc3 d6 6. Nf3 Nbd7 7. O-O e5 8. dxe5
dxe5 9. h3 c6 10. Be3 Qc7 11. Nd2 Rd8 12. Qa4 Bf8 13. Nde4 Nxe4 14. Nxe4 Nb6
15. Qa5 Nd5 16. Qxc7 Nxc7 17. Rfd1 Be6 18. b3 a6 19. Bb6 Rxd1+ 20. Rxd1 Rc8 21.
Ng5 Na8 22. Ba5 Bf5 23. e4 Be7 24. Nxf7 Kxf7 25. exf5 gxf5 26. Bc3 Ke6 27. b4
Nb6 28. Bf1 Rd8 29. Rxd8 Bxd8 30. h4 Bf6 31. f3 Na4 32. Bd2 c5 33. a3 e4 34.
fxe4 Bd4+ 35. Kh2 fxe4 36. Bh3+ Kd6 37. Bf4+ Be5 38. Be3 Bd4 39. Bf4+ Be5 40.
Bf5 Bxf4 41. gxf4 e3 42. Bd3 Nb2 43. Be2 b5 44. bxc5+ Kxc5 45. cxb5 axb5 46. f5
Nc4 47. Kg3 Nxa3 48. f6 Kd6 49. Kf4 Ke6 50. Kxe3 Kxf6 51. Kd2 b4 52. Kc1 Ke5
53. Kb2 Kd4 54. Kb3 Kc5 55. Bd3 h6 56. h5 Nb5 57. Bxb5 Kxb5 58. Kb2 Kc4 59. Kc2
b3+ 60. Kb2 Kb4 61. Kb1 Kc3 62. Kc1 Kd3 63. Kb2 Ke4 64. Kxb3 Kf4 65. Kc3 Kg4
66. Kd3 Kxh5 67. Ke3 Kg4 68. Kf2 1/2-1/2